MAASAI MARA UNIVERSITY

LIBRARY CATALOGUE

Contact Us: +254 020 2685356/7 or 0774 057787

Box: 861-20500, NAROK, KENYA

Email: info@mmarau.ac.ke

Why you act the way you do / (Record no. 31686)

MARC details
000 -LEADER
fixed length control field 01126cam a2200337 i 4500
001 - CONTROL NUMBER
control field 20085013
003 - CONTROL NUMBER IDENTIFIER
control field OSt
005 - DATE AND TIME OF LATEST TRANSACTION
control field 20190424102317.0
008 - FIXED-LENGTH DATA ELEMENTS--GENERAL INFORMATION
fixed length control field 171019s1984 ilua b 000 0 eng
010 ## - LIBRARY OF CONGRESS CONTROL NUMBER
LC control number 2017416767
020 ## - INTERNATIONAL STANDARD BOOK NUMBER
International Standard Book Number 9780842382120
020 ## - INTERNATIONAL STANDARD BOOK NUMBER
International Standard Book Number 0842382127
040 ## - CATALOGING SOURCE
Original cataloging agency MMU
Language of cataloging eng
Description conventions MMU
Transcribing agency MMU
042 ## - AUTHENTICATION CODE
Authentication code pcc
050 00 - LIBRARY OF CONGRESS CALL NUMBER
Classification number BV4501.2
Item number .L3158 1984
100 1# - MAIN ENTRY--PERSONAL NAME
Personal name LaHaye, Tim,
Dates associated with a name 1926-2016.
240 10 - UNIFORM TITLE
Uniform title Your temperament : discover its potential
245 10 - TITLE STATEMENT
Title Why you act the way you do /
Statement of responsibility, etc. Tim LaHaye.
250 ## - EDITION STATEMENT
Edition statement Living books edition.
264 #1 - PRODUCTION, PUBLICATION, DISTRIBUTION, MANUFACTURE, AND COPYRIGHT NOTICE
Place of production, publication, distribution, manufacture Wheaton, Illinois :
Name of producer, publisher, distributor, manufacturer Tyndale House Publishers, Inc.,
Date of production, publication, distribution, manufacture, or copyright notice [1984]
300 ## - PHYSICAL DESCRIPTION
Extent 366 pages :
Other physical details illustrations ;
Dimensions 18 cm
336 ## - CONTENT TYPE
Content type term text
Content type code txt
Source rdacontent
337 ## - MEDIA TYPE
Media type term unmediated
Media type code n
Source rdamedia
338 ## - CARRIER TYPE
Carrier type term volume
Carrier type code nc
Source rdacarrier
500 ## - GENERAL NOTE
General note Previously published under the title: Your temperament : discover its potential.
504 ## - BIBLIOGRAPHY, ETC. NOTE
Bibliography, etc Includes bibliographical references.
650 #0 - SUBJECT ADDED ENTRY--TOPICAL TERM
Topical term or geographic name as entry element Temperament
General subdivision Religious aspects
-- Christianity.
650 #0 - SUBJECT ADDED ENTRY--TOPICAL TERM
Topical term or geographic name as entry element Christian life.
906 ## - LOCAL DATA ELEMENT F, LDF (RLIN)
a 7
b cbc
c orignew
d 2
e ncip
f 20
g y-gencatlg
942 ## - ADDED ENTRY ELEMENTS (KOHA)
Source of classification or shelving scheme Library of Congress Classification
Koha item type L

No items available.

© 2016 Maasai Mara University.